000 00464pab a2200169 454500
008 180718b2003 xxu||||| |||| 00| 0 eng d
100 _aKhan, I. Sadhu
245 _aLand use alternations and its possible impact on pre-monsoon climatic variables
260 _c2003
300 _ap.261-69.
362 _aDec
650 _aLand use
700 _aPal, D.K.
700 _aLohar, D.
773 _aJournal of the Indian Society of Remote Sensing
909 _a59139
999 _c59139
_d59139